Questions about italy - Statistics

General Stats
  • This quiz has been taken 31 times
  • The average score is 8 of 10
Answer Stats
Question Answer % Correct
In which of these years did the italian national team won the world cup 2006
100%
Which of these seas doesn't touch Italy Caspian
100%
Who wrote "la divina commedia" Dante Alighieri
100%
Which of these countries was part of the italian territory ethiopia
100%
Who was the first roman emperor Augustus
75%
Where was Christopher Columbus born Genova
75%
Who painted the Mona Lisa Leonardo
75%
Where was "Romeo and Juliet" set Verona
75%
How many UNESCO world heritage sites does Itlay have (december 2021) 55
50%
Which italian club won more champions leagues Milan
50%
No matching quizzes found
Score Distribution
Percent of People with Each Score
Percentile by Number Answered
Your Score History
You have not taken this quiz